Xã hội học chuyên biệt

Đã lưu trong:
書目詳細資料
主要作者: Thanh Lê
格式: 圖書
語言:Undetermined
出版: Hà Nội KHXH 2000
主題:
標簽: 添加標簽
沒有標簽, 成為第一個標記此記錄!
Thư viện lưu trữ: Trung tâm Học liệu Trường Đại học Cần Thơ
LEADER 00502nam a2200193Ia 4500
001 CTU_37032
008 210402s9999 xx 000 0 und d
020 |b 38.000đ 
082 |a 303.3 
082 |b Th107 
100 |a Thanh Lê 
245 0 |a Xã hội học chuyên biệt 
245 0 |c Thanh Lê, Tuệ Nhân 
260 |a Hà Nội 
260 |b KHXH 
260 |c 2000 
650 |a sociology 
904 |i Minh, 000617 
980 |a Trung tâm Học liệu Trường Đại học Cần Thơ